[Event "2020 Gustafson Memorial, S02081"]
[Site "CCLA"]
[Date "2020.10.24"]
[Round "?"]
[White "Clancey, James"]
[Black "Cacas, Alexander"]
[Result "1/2-1/2"]
[WhiteElo "1828"]
[BlackElo "1795"]

1. e4 c5 2. Nf3 d6 3. d4 cxd4 4. Qxd4 Nc6 5. Bb5 Bd7 6. Qd3 Nf6 7. Bg5 e6 
8. Nc3 Be7 9. O-O-O a6 10. Bxc6 Bxc6 11. Bxf6 Bxf6 12. Qxd6 Qxd6 13. Rxd6 
Bxc3 14. bxc3 Bxe4 15. Ne5 O-O 16. f3 Bg6 17. Rhd1 Rac8 18. Nxg6 hxg6 19. 
Kb2 Rc7 20. f4 Rfc8 21. R1d3 Kf8 22. Kb3 Ke7 23. R6d4 b5 24. g3 a5 25. a3 
Rh8 26. Rd2 1/2-1/2

[Event "2020 Gustafson Memorial, S02081"]
[Site "CCLA"]
[Date "2020.10.24"]
[Round "?"]
[White "Cacas, Alexander"]
[Black "Smith, Jason A."]
[Result "1-0"]
[WhiteElo "1795"]
[BlackElo "1741"]

1. e4 Nf6 2. e5 Nd5 3. d4 d6 4. Nf3 Bg4 5. Be2 e6 6. O-O Be7 7. c4 Nb6 8. 
h3 Bh5 9. Nc3 O-O 10. Be3 a5 11. b3 d5 12. c5 N6d7 13. Qd2 c6 14. Rac1 f6 
15. exf6 Nxf6 16. Ne5 Bxe2 17. Qxe2 Nfd7 18. f4 Nxe5 19. fxe5 Nd7 20. Qg4 
Rxf1+ 21. Rxf1 Nf8 22. Bh6 Ng6 23. Qxe6+ Kh8 24. Bc1 Bg5 25. Qg4 Bxc1 26. 
Rxc1 b6 27. Na4 bxc5 28. Nxc5 Qb6 29. Ne6 a4 30. bxa4 Rxa4 31. Rf1 Ra8 32.
 h4 Rg8 33. Kh2 Qa6 34. Rf7 Qxa2 35. h5 Qd2 36. hxg6 Qh6+ 37. Qh3 Qxg6 38.
 Nf8 Qxf7 39. Qxh7# 1-0

[Event "2020 Gustafson Memorial, S02081"]
[Site "CCLA"]
[Date "2020.10.24"]
[Round "?"]
[White "Smith, Jason A."]
[Black "Cacas, Alexander"]
[Result "1/2-1/2"]
[WhiteElo "1741"]
[BlackElo "1795"]

1. Nf3 Nf6 2. d4 d5 3. c4 e6 4. Nc3 Bb4 5. cxd5 exd5 6. Bg5 h6 7. Bd2 Nc6 
8. e3 O-O 9. Bd3 Re8 10. O-O Bg4 11. h3 Be6 12. a3 Be7 13. Ne2 a6 14. Nf4 
Qd7 15. Nxe6 Qxe6 16. Rc1 Qd7 17. Qb3 Rab8 18. Qc2 Bd6 19. b4 Ne4 20. Bxa6
Nxd2 21. Nxd2 Nxb4 22. axb4 bxa6 23. Qc6 Qxc6 24. Rxc6 Rxb4 25. Rxa6 Reb8 
26. Ra5 R4b5 27. Rxb5 Rxb5 28. Rb1 Rxb1+ 29. Nxb1 Bb4 30. Kf1 Kf8 31. Ke2 
Ke7 32. Nd2 Kd6 33. Nf3 Ke6 34. Kd3 Bd6 35. e4 dxe4+ 36. Kxe4 f5+ 37. Kd3 
g5 38. g4 fxg4 39. hxg4 Kd5 40. Nd2 c5 41. dxc5 Bxc5 1/2-1/2

[Event "2020 Gustafson Memorial, S02081"]
[Site "CCLA"]
[Date "2020.10.24"]
[Round "?"]
[White "Laaman, Thomas"]
[Black "Cacas, Alexander"]
[Result "0-1"]
[WhiteElo "1760"]
[BlackElo "1795"]

1. e4 e5 2. f4 exf4 3. Bc4 Nf6 4. Nc3 c6 5. d4 Bb4 6. Qe2 O-O 7. Bxf4 Nxe4
8. Qxe4 Re8 9. Be5 Bxc3+ 10. bxc3 d5 11. Qf4 dxc4 12. O-O-O Nd7 13. Nf3 
Nxe5 14. Nxe5 Be6 15. Rhf1 f6 16. Ng4 Bxg4 17. Qxg4 Qe7 18. Kb2 Rad8 19. 
Qg3 Qd6 20. Qxd6 Rxd6 21. Rde1 Rde6 22. Rxe6 Rxe6 23. Rf2 a5 24. a3 Re3 
25. Rd2 Kf7 26. d5 cxd5 27. Rxd5 b6 28. Rd6 Re6 29. Rd7+ Kg6 30. Rd4 Re2 
31. Rg4+ Kf7 32. a4 f5 33. Rg3 Kf6 34. h4 g6 35. Kc1 Re1+ 36. Kd2 Rh1 37. 
Rf3 Rxh4 38. g3 Re4 39. Rf2 g5 40. Rh2 Kg6 41. Rh1 h5 42. Rb1 Re6 43. Rf1 
g4 44. Rf4 Re4 45. Rf2 Kg5 0-1

[Event "2020 Gustafson Memorial, S02081"]
[Site "CCLA"]
[Date "2020.10.24"]
[Round "?"]
[White "Cacas, Alexander"]
[Black "Laaman, Thomas"]
[Result "1/2-1/2"]
[WhiteElo "1795"]
[BlackElo "1760"]

1. d4 d5 2. c4 e6 3. Nc3 c5 4. cxd5 exd5 5. Nf3 Nc6 6. g3 Nf6 7. Bg2 Be7 
8. O-O O-O 9. Bg5 cxd4 10. Nxd4 h6 11. Be3 Re8 12. Qc2 Bg4 13. Rfd1 Rc8 
14. Rac1 Qd7 15. Qd2 Bb4 16. a3 Bxc3 17. Rxc3 Nxd4 18. Qxd4 Bxe2 19. Rdc1 
Rxc3 20. Rxc3 b6 21. Bxh6 Bc4 22. Be3 Qe6 1/2-1/2

[Event "2020 Gustafson Memorial, S02081"]
[Site "CCLA"]
[Date "2020.10.24"]
[Round "?"]
[White "Smith, Jason A."]
[Black "Clancey, James"]
[Result "1-0"]
[WhiteElo "1741"]
[BlackElo "1828"]

1. Nf3 d5 2. e4 c6 3. Nc3 Bg4 4. h3 Bxf3 5. Qxf3 e6 6. d4 dxe4 7. Qxe4 Nd7
8. Bd3 Ngf6 9. Qf3 Be7 10. O-O O-O 11. Ne4 e5 12. Nxf6+ Bxf6 13. Qe4 g6 
14. Bh6 Bg7 15. Bxg7 Kxg7 16. dxe5 Re8 17. f4 Nc5 18. Qe3 Qb6 19. Kh2 Nd7 
20. Qxb6 axb6 21. Rad1 Rxa2 22. Bc4 1-0

[Event "2020 Gustafson Memorial, S02081"]
[Site "CCLA"]
[Date "2020.10.24"]
[Round "?"]
[White "Smith, Jason A."]
[Black "Laaman, Thomas"]
[Result "1-0"]
[WhiteElo "1741"]
[BlackElo "1760"]

1. Nf3 d5 2. e4 dxe4 3. Ng5 f5 4. Bc4 e6 5. d3 exd3 6. O-O Be7 7. Nxe6 
Bxe6 8. Bxe6 dxc2 9. Qxc2 g6 10. Qb3 Nf6 11. Bf7+ 1-0

[Event "2020 Gustafson Memorial, S02081"]
[Site "CCLA"]
[Date "2020.10.24"]
[Round "?"]
[White "Clancey, James"]
[Black "Smith, Jason A."]
[Result "1-0"]
[WhiteElo "1828"]
[BlackElo "1741"]

1. e4 Nf6 2. e5 Nd5 3. d4 d6 4. Nf3 Bg4 5. Be2 e6 6. h3 Bh5 7. O-O Be7 8. 
c4 Nb6 9. Nc3 O-O 10. exd6 cxd6 11. Be3 N6d7 12. b3 Nf6 13. Rc1 Nbd7 14. 
g4 Bg6 15. Nh4 Be4 16. g5 Bc6 17. gxf6 Nxf6 18. Nf3 h6 19. d5 Bd7 20. Kh2 
e5 21. Rg1 Kh8 22. Nxe5 dxe5 23. d6 Bxd6 24. Qxd6 Re8 25. Nd5 Re6 26. Qc7 
Nxd5 27. cxd5 Qxc7 28. Rxc7 Rd6 29. Rgc1 Rxd5 30. Bf3 Ra5 31. Bxb7 Rb8 32.
 Rxd7 Rxa2 33. Bd5 f6 34. Rcc7 a5 35. Rxg7 a4 36. Rh7# 1-0

[Event "2020 Gustafson Memorial, S02081"]
[Site "CCLA"]
[Date "2020.10.24"]
[Round "?"]
[White "Clancey, James"]
[Black "Laaman, Thomas"]
[Result "1-0"]
[WhiteElo "1828"]
[BlackElo "1760"]

1. d4 d5 2. e4 dxe4 3. Nc3 Nf6 4. f3 exf3 5. Nxf3 e6 6. Bc4 Bb4 7. O-O 
Bxc3 8. bxc3 b6 9. Ne5 h6 10. Ba3 Nbd7 11. Nc6 1-0

[Event "2020 Gustafson Memorial, S02081"]
[Site "CCLA"]
[Date "2020.10.24"]
[Round "?"]
[White "Laaman, Thomas"]
[Black "Smith, Jason A."]
[Result "1-0"]
[WhiteElo "1760"]
[BlackElo "1741"]

1. e4 Nf6 2. Nc3 d5 3. e5 d4 4. exf6 dxc3 5. fxg7 cxd2+ 6. Qxd2 Qxd2+ 7. 
Bxd2 Bxg7 8. O-O-O a5 9. Ne2 a4 10. a3 b5 11. Bc3 Bh6+ 12. f4 Rg8 13. g3 
Bb7 14. Rg1 Nd7 15. Bg2 O-O-O 16. Nd4 Bxg2 17. Nf5 Bxf4+ 18. gxf4 Rg4 19. 
Ne3 Rxf4 20. Rxg2 c6 21. Rgd2 Rf3 22. Nf1 Rg8 23. Rxd7 Rg1 24. Rd8+ Kb7 
25. R1d7+ Kb6 26. Bd4+ c5 27. Bxg1 Rxf1+ 28. Rd1 Rxd1+ 29. Kxd1 Kc7 30. 
Rh8 b4 31. Bxc5 bxa3 32. Bxa3 e6 33. Rxh7 Kc6 34. Rxf7 e5 35. c4 e4 36. h4
e3 37. h5 e2+ 38. Kxe2 Kb6 39. h6 Kc6 40. h7 Kb6 41. h8=Q Kc6 42. Qh6# 1-0

[Event "2020 Gustafson Memorial, S02081"]
[Site "CCLA"]
[Date "2020.10.24"]
[Round "?"]
[White "Laaman, Thomas"]
[Black "Clancey, James"]
[Result "1/2-1/2"]
[WhiteElo "1760"]
[BlackElo "1828"]

1. e4 e5 2. f4 d6 3. Bc4 exf4 4. d4 Nf6 5. Nc3 Be7 6. Bxf4 O-O 7. Nf3 Nxe4
8. Nxe4 d5 9. Bxd5 Qxd5 10. Nc3 Bb4 11. O-O Bxc3 12. bxc3 Bf5 13. Bxc7 Nd7
14. Bg3 Rac8 15. Ne5 f6 16. c4 Qe6 17. Nxd7 Qxd7 18. c5 Rfe8 19. Bd6 Re6 
20. Rxf5 Rxd6 21. cxd6 Qxf5 22. c4 Kf8 23. Qe2 Re8 24. Qf2 Qd3 25. c5 Re2 
26. Qf4 Re4 27. Qf2 Re2 28. Qf4 1/2-1/2

[Event "2020 Gustafson Memorial, S02082"]
[Site "CCLA"]
[Date "2020.10.24"]
[Round "?"]
[White "Avery, Bryce"]
[Black "Gerber, David F."]
[Result "1-0"]
[WhiteElo "1719"]
[BlackElo "1727"]

1. c4 e5 2. Nc3 Nf6 3. e4 Bc5 4. d3 d6 5. Be2 O-O 6. Bg5 c6 7. Nf3 Nbd7 8.
 Qd2 Bd4 9. O-O Re8 10. Be3 Bb6 11. b4 Nf8 12. a4 Bd7 13. a5 Bc7 14. Rfc1 
Ne6 15. Ng5 Nd4 16. Bxd4 exd4 17. Na4 c5 18. bxc5 Bxa4 19. Rxa4 dxc5 20. 
Rb1 Rb8 21. f4 h6 22. Nf3 Qd7 23. Ra2 Ng4 24. Rab2 Qc8 25. Nh4 Ne3 26. e5 
Bd8 27. Qe1 Qc7 28. Rb5 Qe7 29. g3 Nc2 30. Qc1 Nb4 31. Nf5 Qc7 32. Nd6 Re7
33. Ne4 b6 34. axb6 axb6 35. Qf1 Re8 36. Qh3 Be7 37. g4 Qc6 38. g5 Bd8 39.
 Nxc5 1-0

[Event "2020 Gustafson Memorial, S02082"]
[Site "CCLA"]
[Date "2020.10.24"]
[Round "?"]
[White "Avery, Bryce"]
[Black "Strelecky, Rich"]
[Result "1/2-1/2"]
[WhiteElo "1719"]
[BlackElo "1799"]

1. e4 c5 2. Nf3 d6 3. Bb5+ Bd7 4. c4 Bxb5 5. cxb5 Nf6 6. Nc3 a6 7. bxa6 
Rxa6 8. O-O Nc6 9. d4 Nxd4 10. Nxd4 cxd4 11. Qxd4 Qb6 12. Qxb6 Rxb6 13. 
Nd5 Nxd5 14. exd5 g6 15. Rb1 Bg7 16. b4 Ra6 17. Bb2 O-O 18. Bxg7 Kxg7 19. 
Rfc1 Rxa2 20. Rc7 Rb8 21. Rxe7 Rd2 22. g3 Rxd5 23. Rc1 b6 24. Rcc7 Rf8 25.
 Red7 Kf6 26. Rb7 Ke6 27. Re7+ Kf6 28. Red7 Ke6 29. Re7+ 1/2-1/2

[Event "2020 Gustafson Memorial, S02082"]
[Site "CCLA"]
[Date "2020.10.24"]
[Round "?"]
[White "Avery, Bryce"]
[Black "Sheaffer, David"]
[Result "0-1"]
[WhiteElo "1719"]
[BlackElo "1776"]

1. c4 e6 2. Nc3 f5 3. d4 Nf6 4. Qc2 Bb4 5. e3 b6 6. Bd3 Bb7 7. f3 O-O 8. 
Ne2 c5 9. a3 Bxc3+ 10. Qxc3 d5 11. dxc5 bxc5 12. O-O Nbd7 13. b4 Rc8 14. 
Nf4 Qb6 15. Bb2 cxb4 16. Qd4 Qxd4 17. Bxd4 e5 18. Ne6 Rfe8 19. Bxa7 Rxe6 
20. Bxf5 Ra6 21. axb4 Rxa1 22. Rxa1 Rxc4 23. Rb1 g6 24. Bxd7 Nxd7 25. b5 
Rc2 0-1

[Event "2020 Gustafson Memorial, S02082"]
[Site "CCLA"]
[Date "2020.10.24"]
[Round "?"]
[White "Gerber, David F."]
[Black "Avery, Bryce"]
[Result "0-1"]
[WhiteElo "1727"]
[BlackElo "1719"]

1. d4 Nf6 2. c4 c5 3. d5 b5 4. cxb5 a6 5. bxa6 Bxa6 6. g3 d6 7. Bg2 Nbd7 
8. Nf3 g6 9. Nc3 Bg7 10. Rb1 Qa5 11. Bd2 O-O 12. O-O Nb6 13. b3 Qa3 14. 
Ne1 Bb7 15. Nc2 Qa6 16. e4 Rfd8 17. a4 e6 18. dxe6 fxe6 19. Re1 Rac8 20. 
Nb5 Qa8 21. Bf4 Nxe4 22. Qd3 Nxf2 23. Kxf2 Bxg2 24. Qd2 Bh3 25. Kg1 c4 26.
 Nxd6 cxb3 27. Rxb3 Nc4 0-1

[Event "2020 Gustafson Memorial, S02082"]
[Site "CCLA"]
[Date "2020.10.24"]
[Round "?"]
[White "Gerber, David F."]
[Black "Strelecky, Rich"]
[Result "1-0"]
[WhiteElo "1727"]
[BlackElo "1799"]

1. d4 Nf6 2. c4 e6 3. Nf3 b6 4. g3 Bb7 5. Bg2 Be7 6. Nc3 O-O 7. d5 Bb4 8. 
Bd2 Bxc3 9. Bxc3 exd5 10. Nh4 c6 11. Nf5 dxc4 12. Qd6 Kh8 13. Nxg7 Kxg7 
14. Qf4 h6 15. g4 Rg8 16. g5 hxg5 17. Qxg5+ Kf8 18. Qh6+ Ke8 19. Bxf6 Qxf6
20. Qxf6 Rxg2 21. O-O-O c5 22. Rhg1 a5 23. Rxg2 Bxg2 24. Rg1 1-0

[Event "2020 Gustafson Memorial, S02082"]
[Site "CCLA"]
[Date "2020.10.24"]
[Round "?"]
[White "Gerber, David F."]
[Black "Sheaffer, David"]
[Result "1/2-1/2"]
[WhiteElo "1727"]
[BlackElo "1776"]

1. d4 e6 2. c4 f5 3. g3 Nf6 4. Bg2 Bb4+ 5. Bd2 Qe7 6. Nf3 O-O 7. O-O Bxd2 
8. Qxd2 Ne4 9. Qc2 d6 10. Nc3 Nxc3 11. Qxc3 Nd7 12. Rfe1 Nf6 13. Nd2 Rb8 
14. e4 fxe4 15. Nxe4 b6 16. Rad1 Bb7 17. Ng5 Bxg2 18. Kxg2 Rfe8 19. Rxe6 
Qd7 20. Rxe8+ Rxe8 21. Re1 h6 22. Rxe8+ Qxe8 23. Nf3 Qe2 24. Nd2 Ne4 25. 
Nxe4 Qxe4+ 26. f3 Qe2+ 27. Kg1 Qd1+ 28. Kg2 1/2-1/2

[Event "2020 Gustafson Memorial, S02082"]
[Site "CCLA"]
[Date "2020.10.24"]
[Round "?"]
[White "Strelecky, Rich"]
[Black "Avery, Bryce"]
[Result "1/2-1/2"]
[WhiteElo "1799"]
[BlackElo "1719"]

1. Nf3 Nf6 2. e3 e6 3. b3 d5 4. Bb2 Bd6 5. Be2 c5 6. O-O O-O 7. Re1 Nc6 8.
 Nc3 a6 9. d4 b5 10. a4 b4 11. Na2 a5 12. c4 Ba6 13. cxd5 Bxe2 14. Rxe2 
exd5 15. Rc1 Ne4 16. Re1 Rc8 17. dxc5 Bxc5 18. Rc2 Be7 19. Ne5 Nxe5 20. 
Rxc8 Qxc8 21. Bxe5 Rd8 22. f3 Nf6 23. Nc1 Qc6 24. Nd3 Nd7 25. Bg3 Bf6 26. 
Nf4 Nb6 27. Re2 g6 28. Rc2 Qe8 29. Bf2 Nxa4 30. bxa4 Qxa4 31. Nxd5 Kg7 32.
 Rd2 Qxd1+ 33. Rxd1 b3 34. e4 a4 35. Rb1 a3 36. Nxf6 a2 37. Ne8+ Kg8 38. 
Rf1 b2 39. Nf6+ Kh8 40. Nd5 b1=Q 41. Bd4+ Kg8 42. g4 Rb8 43. Nf6+ Kf8 44. 
Nd7+ Ke8 45. Nxb8 Qxb8 46. Kg2 Qb4 1/2-1/2

[Event "2020 Gustafson Memorial, S02082"]
[Site "CCLA"]
[Date "2020.10.24"]
[Round "?"]
[White "Strelecky, Rich"]
[Black "Gerber, David F."]
[Result "1-0"]
[WhiteElo "1799"]
[BlackElo "1727"]

1. Nc3 e5 2. Nf3 Nc6 3. d4 exd4 4. Nxd4 Nf6 5. Bg5 Bb4 6. Nxc6 bxc6 7. Qd4
Be7 8. O-O-O O-O 9. Kb1 c5 10. Qd2 d6 11. h3 Rb8 12. e3 Be6 13. Be2 Nd7 
14. Bxe7 Qxe7 15. Bg4 f5 16. Nd5 Qf7 17. Bf3 c6 18. Nc3 d5 19. Na4 Qe7 20.
 c4 Rb4 21. cxd5 cxd5 22. Qc2 Rc4 23. Nc3 d4 24. Nd5 1-0

[Event "2020 Gustafson Memorial, S02082"]
[Site "CCLA"]
[Date "2020.10.24"]
[Round "?"]
[White "Strelecky, Rich"]
[Black "Sheaffer, David"]
[Result "0-1"]
[WhiteElo "1799"]
[BlackElo "1776"]

1. d4 e6 2. c4 f5 3. g3 Nf6 4. Bg2 c6 5. Nf3 d5 6. O-O Bd6 7. c5 Bc7 8. 
Nc3 O-O 9. Bf4 b6 10. Bxc7 Qxc7 11. Re1 bxc5 12. dxc5 Nbd7 13. Qd4 e5 14. 
Qb4 Rb8 15. Qa3 a5 16. Nh4 Rb4 17. Nxf5 Nxc5 18. Nh4 d4 19. Nd1 e4 20. f4 
Qb6 21. b3 d3 22. Kh1 Bg4 23. exd3 Bxd1 24. Rexd1 Nxd3 25. Rd2 Ng4 26. Bf1
Ngf2+ 27. Kg2 g5 28. Bxd3 Nxd3 29. fxg5 Rf2+ 30. Rxf2 Qxf2+ 31. Kh3 Qc5 
32. Rf1 e3 33. Kg2 e2 34. Rf5 e1=Q 35. Rxc5 Qf2+ 36. Kh3 Qxc5 37. Nf3 Rh4+
38. Nxh4 Qxa3 39. Nf5 Qxa2 40. Ne7+ Kg7 41. Nxc6 Kg6 42. Nd4 Kxg5 43. Ne6+
Kf6 44. Nf8 Qxb3 45. Nxh7+ Kg7 46. Ng5 a4 47. Kh4 a3 48. Kh3 a2 49. g4 
Nf2+ 50. Kh4 Qh3+ 51. Nxh3 Nxh3 52. Kxh3 a1=Q 53. Kg2 Qc3 54. h4 Kg6 55. 
Kh2 Qf3 56. h5+ Kg5 57. Kg1 Kxg4 58. h6 Kg3 59. h7 Qg2# 0-1

[Event "2020 Gustafson Memorial, S02082"]
[Site "CCLA"]
[Date "2020.10.24"]
[Round "?"]
[White "Sheaffer, David"]
[Black "Avery, Bryce"]
[Result "1-0"]
[WhiteElo "1776"]
[BlackElo "1719"]

1. Nf3 Nf6 2. g3 g6 3. Bg2 Bg7 4. O-O O-O 5. c4 c5 6. Nc3 Nc6 7. d4 cxd4 
8. Nxd4 Ng4 9. e3 d6 10. b3 Nxd4 11. exd4 Nh6 12. Bb2 Nf5 13. d5 a6 14. 
Na4 b5 15. Bxg7 Kxg7 16. Nb2 Rb8 17. Qd2 Re8 18. Rfd1 e5 19. dxe6 Rxe6 20.
 cxb5 Rxb5 21. Nd3 Bb7 22. Bxb7 Rxb7 23. Nc5 Qe7 24. Nxb7 Qxb7 25. Rac1 h5
26. Qc3+ Kg8 27. Qc8+ Qxc8 28. Rxc8+ Kg7 29. Rc6 1-0

[Event "2020 Gustafson Memorial, S02082"]
[Site "CCLA"]
[Date "2020.10.24"]
[Round "?"]
[White "Sheaffer, David"]
[Black "Gerber, David F."]
[Result "1/2-1/2"]
[WhiteElo "1776"]
[BlackElo "1727"]

1. Nf3 d5 2. e4 dxe4 3. Ng5 e5 4. Nxe4 f5 5. Ng3 Be6 6. Bb5+ c6 7. Ba4 Nf6
8. Bb3 Bxb3 9. axb3 g6 10. Qe2 Bd6 11. d4 e4 12. O-O O-O 13. Bg5 Bxg3 14. 
hxg3 Qxd4 15. c3 Qe5 16. Rd1 Nbd7 17. Nd2 Nc5 18. Nc4 Qe7 19. b4 Ne6 20. 
Bxf6 Qxf6 21. Rd2 Rfd8 22. Rxd8+ Qxd8 23. Rd1 Qe7 24. f3 Ng7 25. g4 Re8 
26. fxe4 Qxe4 27. Qxe4 1/2-1/2

[Event "2020 Gustafson Memorial, S02082"]
[Site "CCLA"]
[Date "2020.10.24"]
[Round "?"]
[White "Sheaffer, David"]
[Black "Strelecky, Rich"]
[Result "1-0"]
[WhiteElo "1776"]
[BlackElo "1799"]

1. Nf3 d5 2. e4 dxe4 3. Ng5 e3 4. fxe3 Qd5 5. Nf3 Bg4 6. Be2 Nc6 7. Nc3 
Qh5 8. b3 O-O-O 9. O-O Nf6 10. h3 Bd7 11. Nd4 Qg5 12. Nxc6 Bxc6 13. Bf3 
Bxf3 14. Qxf3 e6 15. d4 Bb4 16. e4 Qh4 17. Bf4 Rxd4 18. Nb5 Rxe4 19. Nxa7+
Kb8 20. Nb5 e5 21. Be3 c6 22. a3 cxb5 23. axb4 Kc7 24. Bf2 Qf4 25. Qc3+ 
Kd7 26. Rad1+ Ke6 27. Qc5 Rxb4 28. Qd6+ Kf5 29. Bh4 Kg6 30. Rxf4 Rxf4 31. 
Bxf6 gxf6 32. Rf1 Rxf1+ 33. Kxf1 Rc8 34. Qd3+ Kg7 35. Qxb5 Rxc2 36. Qxb7 
Rc1+ 37. Ke2 Rb1 38. b4 f5 39. Qe7 Rb2+ 40. Kd3 e4+ 41. Ke3 Rxg2 42. Qe5+ 
Kg6 43. b5 Ra2 44. Qd6+ f6 45. b6 Rb2 46. Qc7 Rb3+ 47. Kd4 Rd3+ 48. Kc4 
Ra3 49. b7 Rxh3 50. b8=Q Kh6 51. Qf4+ Kg7 52. Qxf5 Rf3 53. Qc7+ Kh6 54. 
Qcxh7# 1-0

[Event "2020 Gustafson Memorial, S02083"]
[Site "CCLA"]
[Date "2020.10.24"]
[Round "?"]
[White "Zarges, Ron V."]
[Black "Smail, John"]
[Result "0-1"]
[WhiteElo "1786"]
[BlackElo "1708"]

1. e4 d5 2. exd5 Nf6 3. d4 Bg4 4. f3 Bf5 5. Bb5+ Nbd7 6. Nc3 a6 7. Ba4 b5 
8. Bb3 Nb6 9. Nge2 Nbxd5 10. Nxd5 Nxd5 11. Ng3 g6 12. Nxf5 gxf5 13. c4 Nb6
14. cxb5 axb5 15. Qe2 Qd7 16. Bf4 Bg7 17. Be5 O-O 18. O-O c6 19. Bxg7 Kxg7
20. Qe5+ f6 21. Qf4 Nd5 22. Qd2 Rad8 23. Rad1 e5 24. dxe5 fxe5 25. Qg5+ 
Kh8 26. Kh1 Qg7 27. Qxg7+ Kxg7 28. Rfe1 Kf6 29. a4 bxa4 30. Bxa4 Nb4 31. 
Kg1 c5 32. Rxd8 Rxd8 33. Kf1 Rd4 34. Ke2 Nd5 35. Bc2 Nf4+ 36. Kf1 Nxg2 37.
 Kxg2 Rd2+ 38. Kg3 Rxc2 39. Rb1 f4+ 0-1

[Event "2020 Gustafson Memorial, S02083"]
[Site "CCLA"]
[Date "2020.10.24"]
[Round "?"]
[White "Thomas, Gerald K."]
[Black "Smail, John"]
[Result "0-1"]
[WhiteElo "1627"]
[BlackElo "1708"]

1. d4 f5 2. c4 e6 3. Nc3 Nf6 4. Bg5 Be7 5. f3 h6 6. Bf4 d6 7. e4 O-O 8. e5
Nh5 9. Bd2 dxe5 10. dxe5 Qd4 11. Qe2 Nc6 12. O-O-O Nf4 13. Qe3 Qxe3 14. 
Bxe3 Bg5 15. g3 Ne2+ 16. Ngxe2 Bxe3+ 17. Kb1 Nxe5 18. Nd4 Bxd4 19. Rxd4 c5
20. Rd6 Nxf3 21. b3 Nd4 22. Bg2 Kf7 23. Bxb7 Bxb7 24. Rd7+ Kf6 25. Rxb7 
Rf7 26. Rxf7+ Kxf7 27. Kc1 Ke7 28. Kd2 Rd8 29. Ke3 g5 30. Kf2 e5 31. Nd5+ 
Kd6 32. Rd1 a5 33. Nc3 e4 34. Rd2 Ke5 35. Na4 f4 36. gxf4+ gxf4 37. Kf1 f3
38. Nxc5 e3 39. Rd3 e2+ 40. Kf2 Nc2 41. Re3+ Nxe3 0-1

[Event "2020 Gustafson Memorial, S02083"]
[Site "CCLA"]
[Date "2020.10.24"]
[Round "?"]
[White "Smail, John"]
[Black "Zarges, Ron V."]
[Result "1-0"]
[WhiteElo "1708"]
[BlackElo "1786"]

1. f4 d5 2. Nf3 g6 3. g3 Bg7 4. Bg2 Nf6 5. O-O O-O 6. d3 c5 7. c3 Nc6 8. 
Qc2 d4 9. Bd2 Nd5 10. Na3 Be6 11. h3 Rc8 12. Nc4 b5 13. Nce5 Nxe5 14. fxe5
Nb6 15. e4 dxe3 16. Bxe3 Bd5 17. b3 Qc7 18. Rae1 e6 19. Bf4 a5 20. c4 bxc4
21. dxc4 Bb7 22. Ng5 Bxg2 23. Kxg2 Rcd8 24. Ne4 Qc6 25. Rf3 Nd7 26. Qc3 f5
27. Nf2 Ra8 28. Nd3 Rfb8 29. Kf2 Bf8 30. g4 Bg7 31. gxf5 exf5 32. Qd2 Qe6 
33. Nb2 Re8 34. Rd3 Nxe5 35. Rd6 Qf7 36. Na4 Qc7 37. Bxe5 Rad8 38. Qd5+ Kh8 
39. Rxd8 Qxd8 40. Qxd8 Rxd8 41. Bxg7+ 1-0

[Event "2020 Gustafson Memorial, S02083"]
[Site "CCLA"]
[Date "2020.10.24"]
[Round "?"]
[White "Smail, John"]
[Black "Thomas, Gerald K."]
[Result "1-0"]
[WhiteElo "1708"]
[BlackElo "1627"]

1. f4 d5 2. Nf3 g6 3. e3 a6 4. Be2 Nc6 5. O-O Bg7 6. d4 f5 7. Nbd2 Nf6 8. 
Ne5 Nxe5 9. fxe5 Ne4 10. Nxe4 dxe4 11. Bc4 e6 12. Bd2 b5 13. Bb3 a5 14. a3
O-O 15. Bc3 Re8 16. d5 Bd7 17. Qd4 Qe7 18. g4 c5 19. dxc6 Bxc6 20. gxf5 
Qg5+ 21. Kh1 gxf5 22. Qd6 Bd5 23. Bxd5 exd5 24. Qxd5+ Kh8 25. Rf4 Qh5 26. 
Rg1 Rad8 27. Qb7 Rg8 28. Qxb5 Rd1 29. Rff1 Rxf1 30. Qxf1 a4 31. Bd4 Re8 
32. Qg2 Qf3 33. Qxf3 exf3 34. Rf1 Bxe5 35. Kg1 Bxd4 36. exd4 Rg8+ 37. Kf2 
Rg2+ 38. Kxf3 Rxc2 39. Rf2 Rxf2+ 40. Kxf2 Kg7 41. Ke3 Kf6 42. Kf4 h6 43. 
h4 Ke6 44. h5 Kd5 45. Kxf5 Kxd4 46. Kg6 Ke5 47. Kg7 Kf5 48. Kxh6 Kf6 49. 
Kh7 Kf7 50. h6 Kf8 51. Kg6 Kg8 52. Kf6 1-0

[Event "2020 Gustafson Memorial, S02083"]
[Site "CCLA"]
[Date "2020.10.24"]
[Round "?"]
[White "Zarges, Ron V."]
[Black "Thomas, Gerald K."]
[Result "1-0"]
[WhiteElo "1786"]
[BlackElo "1627"]

1. e4 c6 2. d4 d5 3. e5 Bf5 4. Nf3 h6 5. Be2 e6 6. O-O Nd7 7. b3 Be7 8. c4
dxc4 9. bxc4 Bb4 10. a3 Be7 11. Nc3 Qc7 12. Bb2 a6 13. h3 O-O-O 14. c5 
Nxc5 15. Qe1 Nb3 16. Ra2 Nxd4 17. Nxd4 Bg6 18. Nf3 h5 19. Qc1 Nh6 20. Rd1 
Rxd1+ 21. Qxd1 Rd8 22. Qe1 Bd3 23. Bxd3 Rxd3 24. Ra1 Rd8 25. Rd1 Rxd1 26. 
Nxd1 Nf5 27. Ne3 Qb6 28. Nxf5 exf5 29. Qd2 Qc7 30. Nd4 g6 31. Ne2 Qd8 32. 
Qc2 Qb6 33. Nc3 Qa5 34. Na4 Qb5 35. f4 Bd8 36. Bd4 Bc7 37. Nc5 Bb6 38. Kh2
Bxc5 39. Bxc5 Qa5 40. Bd6 Qd5 41. Qf2 Qe6 42. Qa7 1-0

[Event "2020 Gustafson Memorial, S02083"]
[Site "CCLA"]
[Date "2020.10.24"]
[Round "?"]
[White "Thomas, Gerald K."]
[Black "Zarges, Ron V."]
[Result "0-1"]
[WhiteElo "1627"]
[BlackElo "1786"]

1. e4 c5 2. c3 Nf6 3. e5 Nd5 4. Na3 Nc6 5. d4 d6 6. exd6 exd6 7. dxc5 dxc5
8. Bb5 Be6 9. Bd2 Qc7 10. Qe2 Be7 11. Bc4 O-O 12. Nf3 Rfe8 13. O-O a6 14. 
Ng5 Bxg5 15. Bxg5 Nf4 16. Bxf4 Qxf4 17. Rae1 Qd6 18. Bxe6 Rxe6 19. Qd1 
Qxd1 20. Rxd1 Re7 21. Nc4 b5 22. Nb6 Rae8 23. Nd5 Ra7 24. Nb6 Rae7 25. Nd7
c4 26. Nb6 Re2 27. Rb1 Ne5 28. Nd5 Ra8 29. Rfd1 Nd3 30. Nb6 Rae8 31. Nd5 
Rxb2 32. Nc7 Rxb1 33. Rxb1 Re2 34. Nxa6 Rxa2 35. Nb4 Nxb4 36. cxb4 Kf8 37.
 h4 Ra3 38. g4 Rb3 39. Ra1 g6 40. Ra2 Rxb4 41. Ra8+ Kg7 42. Rc8 Rb3 43. 
Kf1 c3 44. Ke2 b4 45. f4 Rb2+ 46. Kd1 Rd2+ 47. Kc1 Rd4 48. f5 Rxg4 49. 
fxg6 hxg6 50. Kd1 Rxh4 51. Kc2 Kh6 52. Kb3 f5 53. Ka4 Re4 54. Rh8+ Kg5 55.
 Rh2 f4 56. Kb3 f3 57. Rf2 Kf4 58. Ra2 g5 59. Ra7 g4 60. Kc2 f2 61. Kb3 
Kg3 62. Ra1 Re1 63. Ra4 f1=Q 64. Kc2 Qe2+ 0-1

[Event "2020 Gustafson Memorial, S02084"]
[Site "CCLA"]
[Date "2020.10.24"]
[Round "?"]
[White "McLaughlin, Ed"]
[Black "Kleine, Larry"]
[Result "1-0"]
[WhiteElo "1598"]
[BlackElo "1674"]

1. d4 Nf6 2. Nf3 g6 3. Bg5 Ne4 4. Bh4 Bg7 5. Nbd2 d5 6. c3 c5 7. Nxe4 dxe4
8. Ne5 O-O 9. e3 cxd4 10. exd4 Be6 11. Bb5 f6 12. Bc4 Bxc4 13. Nxc4 Qd5 
14. Ne3 Qb5 15. Qb3+ Qxb3 16. axb3 g5 17. Bg3 f5 18. Bxb8 Rfxb8 19. Nxf5 
1-0

[Event "2020 Gustafson Memorial, S02084"]
[Site "CCLA"]
[Date "2020.10.24"]
[Round "?"]
[White "McLaughlin, Ed"]
[Black "Smiley, William R."]
[Result "1-0"]
[WhiteElo "1598"]
[BlackElo "1548"]

1. d4 d5 2. e3 Nf6 3. Bd3 e6 4. Nd2 Nbd7 5. f4 c5 6. c3 b6 7. Ngf3 c4 8. 
Bc2 Bb7 9. O-O Be7 10. b4 a5 11. b5 O-O 12. a4 Ne4 13. Nxe4 dxe4 14. Nd2 
f5 15. g4 g6 16. g5 Kg7 17. Nxc4 Rc8 18. Bb3 Bd5 19. Ne5 Nxe5 20. dxe5 
Rxc3 21. Bxd5 Rd3 22. Qe2 Rxd5 23. Ra2 Bc5 24. Qe1 Rf7 25. Qh4 Rfd7 26. 
Qh6+ Kg8 27. Qh3 Rd1 28. Rf2 Rxf1+ 29. Rxf1 Rd1 30. Kh1 Rxf1+ 31. Qxf1 Qd3
32. Kg2 Qb3 33. Qe2 Qxa4 34. Qd2 Qxb5 35. Qd8+ Kf7 36. Qf6+ Ke8 37. Qxe6+ 
Kf8 38. Qf6+ Kg8 39. Kf2 Qd7 40. e6 Qe7 41. Bb2 Bxe3+ 42. Kxe3 Qc5+ 43. 
Qd4 Qxd4+ 44. Bxd4 b5 45. Kd2 Kf8 46. Bc5+ Ke8 47. Kc3 b4+ 48. Kb3 e3 49. 
Bxe3 Ke7 50. Bb6 1-0